000 01852 am a2200553 a 4500
005 20240625080657.0
008 100629s2003||||sp a f |||| 001 0 spa d
020 _a8420537837
041 _aspa
092 _c540
_l65
_sPET
100 1 _aPetrucci, Ralph H.
_91142
245 _aQuímica general.
_bT.2 Reactividad química. Compuestos inorgánicos y orgánicos /
_cRalph H. Petrucci
250 _a8a ed.
_bTraducción Concepción Pando G. Pumarino y Nerea Iza Cabo.
260 _aMadrid:
_bPearson Prentice Hall;
_c2003.
300 _a577-1160 p.
_c195x270 cm.
500 _aPetrucci, R. H., Harwood, W. H. y Herring, F. G. (2003). Química general. T.2 Reactividad química. Compuestos inorgánicos y orgánicos. (8a ed.). Madrid : Pearson Prentice Hall.
653 _aCinética química
653 _aPrincipios del equilibrio químico
653 _aAcidos y bases
653 _aOtros aspectos de los equilibrios ácido-base
653 _aSolubilidad y equilibrios de iones complejos
653 _aEspontaneidad. Entropía y energía Gibbs
653 _aElectroquímica
653 _aElementos de los grupos principales I: metales
653 _aElementos de los grupos principales II: no metales
653 _aElementos de transición
653 _aIones complejos y compuestos de coordinación
653 _aQuímica nuclear
653 _aQuímica orgánica
653 _aQuímica de los seres vivos
700 1 _aHarwood, William H.
_91143
700 1 _aHerring, F. Geoffrey.
_91144
930 _a1429
930 _a1430
930 _a1431
930 _a1432
930 _a1433
930 _a1434
930 _a1435
930 _a1436
930 _a1437
930 _a1438
930 _a1439
930 _a1440
930 _a1441
930 _a1442
930 _a1443
942 _2ddc
_cBK
_02
999 _c434
_d434